Pháp luật điều chỉnh hành vi cạnh tranh không lành mạnh liên quan đến nhãn hiệu : Luận văn Thạc sĩ Luật học. Chuyên ngành Luật Kinh tế

Mục đích nghiên cứu của đề tài là: thứ nhất, tìm hiểu và làm sáng tỏ các vấn đề lý luận về pháp luật điều chỉnh hành vi cạnh tranh không lành mạnh liên quan đến nhãn hiệu, đồng thời cũng tìm hiểu về những nguyên nhân và bất cập còn...

Fuld beskrivelse

Đã lưu trong:
Bibliografiske detaljer
Hovedforfatter: Võ, Thị Mỹ Phụng
Format: Bog
Sprog:Undetermined
Udgivet: Cần Thơ Trường Đại học Cần Thơ 2020
Fag:
Tags: Tilføj Tag
Ingen Tags, Vær først til at tagge denne postø!
Thư viện lưu trữ: Trung tâm Học liệu Trường Đại học Cần Thơ
LEADER 01906nam a2200253Ia 4500
001 CTU_239455
008 210402s9999 xx 000 0 und d
082 |a 346.5970488 
082 |b Ph513 
088 |a 8380107 
100 |a Võ, Thị Mỹ Phụng 
245 0 |a Pháp luật điều chỉnh hành vi cạnh tranh không lành mạnh liên quan đến nhãn hiệu : 
245 0 |b Luận văn Thạc sĩ Luật học. Chuyên ngành Luật Kinh tế 
245 0 |c Võ Thị Mỹ Phụng ; Lê Thị Ánh Nguyệt (Cán bộ hướng dẫn) 
260 |a Cần Thơ 
260 |b Trường Đại học Cần Thơ 
260 |c 2020 
520 |a Mục đích nghiên cứu của đề tài là: thứ nhất, tìm hiểu và làm sáng tỏ các vấn đề lý luận về pháp luật điều chỉnh hành vi cạnh tranh không lành mạnh liên quan đến nhãn hiệu, đồng thời cũng tìm hiểu về những nguyên nhân và bất cập còn tồn tại thông qua thực trạng của các hành vi vi phạm đã, đang và diễn ra trên thực tế; thứ hai, trên cơ sở nghiên cứu một số vấn đề lý luận và thực tiễn, đề tài đưa ra một số giải pháp nhằm điều chỉnh hành vi cạnh tranh không lành mạnh liên quan đến nhãn hiệu một cách hiệu quả để tạo môi trường cạnh tranh lành mạnh, phát triển nền kinh tế bền vững. 
650 |a Trademarks,Thương hiệu 
650 |x Law and legislation,Luật và các văn bản dưới luật 
650 |z Vietnam,Việt Nam 
904 |i Hải 
910 |c tvtrong 
980 |a Trung tâm Học liệu Trường Đại học Cần Thơ